| 000 | 01221nam0a2200361 4500 | ||
|---|---|---|---|
| 001 | RU\NLR\bibl\1379608 | ||
| 005 | 20250615193001.0 | ||
| 010 |
_a978-5-8311-0401-1 _9200 |
||
| 021 |
_aRU _b2009-28174 _91686 |
||
| 035 | _a(nilc)EL/0000250101 | ||
| 035 | _a(NLR Aleph) 001371702 | ||
| 090 |
_a1045848 _c1045848 |
||
| 100 | _a20090302d2009 |||y0rusy50 ca | ||
| 101 | 0 | _arus | |
| 102 | _aRU | ||
| 105 | _aa ||||||||| | ||
| 200 | 1 |
_aСказание о былом _eрассказы _fВладимир Трещин |
|
| 210 |
_aВладимир _cТранзит-Икс _d2009 |
||
| 215 |
_a136, [1] с. _cил. _d20 |
||
| 686 |
_a84Р6 _vLBC/RL _2rubbk |
||
| 686 |
_aШ5(2=Р)75-644 _2rubbk |
||
| 686 | _aШ6(2=Р)8-440.5 | ||
| 700 | 1 |
_aТрещин _bВ. Д. _gВладимир Данилович _4070 |
|
| 801 | 0 |
_aRU _bВладимирская ОУНБ _c20090302 _grcr |
|
| 801 | 1 |
_aRU _bВладимирская ОУНБ _c20090302 _grcr |
|
| 801 | 2 |
_aRU _bРГБ _c20090410 |
|
| 801 | 2 |
_aRU _bNLR _c20090609 _grcr |
|
| 830 | _aпо кн | ||
| 942 | _cBOOK | ||
| 980 | _aNB | ||